[Event "18.int.Seniorenturnier Bad Woerishofen"]
[Site "Veranstalter: chessorg"]
[Date "2002.03.13"]
[Round "7"]
[White "Hennig, Manfred_Dr"]
[Black "Dunkel, Horst_38Memm"]
[Result "0-1"]
[WhiteElo "1480"]
[BlackElo "1580"]
[PlyCount "130"]
[EventDate "2002.03.??"]

1. c4 e5 2. Nc3 Nf6 3. e4 Bb4 4. d3 Bxc3+ 5. bxc3 d6 6. Be2 b6 7. Bd2 O-O 8. h3
h6 9. g4 Nh7 10. Nf3 Be6 11. Rg1 f6 12. Nh4 Qe8 13. Nf5 Ng5 14. Rg3 Nf7 15. Qc1
g5 16. a4 Nc6 17. f3 Bd7 18. Bd1 Ne7 19. h4 Ng6 20. h5 Bxf5 21. hxg6 Bxg6 22.
Rh3 Kg7 23. Kf2 a5 24. Bc2 Rh8 25. Qh1 Rh7 26. Qh2 Qd7 27. Rh1 c6 28. Qg1 d5
29. cxd5 cxd5 30. Be3 d4 31. cxd4 exd4 32. Bd2 Rc8 33. Qd1 Ne5 34. Rg3 Bf7 35.
f4 Ng6 36. f5 Ne5 37. Qb1 Qc7 38. Rc1 Qd8 39. Bb3 Rxc1 40. Bxc1 h5 41. gxh5
Rxh5 42. Bxf7 Kxf7 43. Qb3+ Kg7 44. Bb2 Qd6 45. Qd5 Nxd3+ 46. Rxd3 Qxd5 (46...
Qh2+ 47. Ke1 Qg1+ 48. Ke2 Rh2+ 49. Kf3 Qg2#) 47. exd5 Rh2+ 48. Kf3 Rxb2 49.
Rxd4 Kf7 50. d6 Ke8 51. d7+ Kd8 52. Rd6 Rb4 53. Rxf6 Kxd7 54. Ke3 Kc7 55. Rg6
g4 56. f6 Kd6 57. Rg7 Ke6 58. f7 Ke7 59. Rg6 Kxf7 60. Rc6 Ke7 61. Kf2 Kd7 62.
Rg6 Kc7 63. Rg7+ Kc6 64. Rg6+ Kb7 65. Rg7+ Ka6 0-1

[Event "18.int.Seniorenturnier Bad Woerishofen"]
[Site "Veranstalter: chessorg"]
[Date "2002.03.13"]
[Round "7"]
[White "Hennige, Anneliese"]
[Black "Gruebling, Karl_Heinz"]
[Result "1/2-1/2"]
[WhiteElo "1144"]
[BlackElo "1572"]
[PlyCount "66"]
[EventDate "2002.03.??"]

1. e4 c5 2. Nf3 d6 3. d4 cxd4 4. Nxd4 Nf6 5. Nc3 Nc6 6. a3 e5 7. Nf3 Be6 8. Bd3
Be7 9. O-O h6 10. Qe2 Rc8 11. Be3 O-O 12. Kh1 Re8 13. Ng1 d5 14. exd5 Nxd5 15.
Bd2 Nxc3 16. Bxc3 Qc7 17. f4 exf4 18. Qe4 g6 19. Rxf4 Bg5 20. Rf3 Bf5 21. Qc4
Bxd3 22. cxd3 Ne5 23. Qd4 Rcd8 24. Qe4 Nxf3 25. Qxf3 Re3 26. Qf1 Rexd3 27. Re1
R3d5 28. Nf3 Be7 29. Ne5 Bf8 30. Ng4 f5 31. Nf6+ Kf7 32. Nxd5 Rxd5 33. Qe2 Qd7
1/2-1/2

[Event "18.int.Seniorenturnier Bad Woerishofen"]
[Site "Veranstalter: chessorg"]
[Date "2002.03.13"]
[Round "7"]
[White "Kahler, Kurt"]
[Black "Disselberger, Alfons"]
[Result "1-0"]
[WhiteElo "1727"]
[BlackElo "1391"]
[PlyCount "53"]
[EventDate "2002.03.??"]

1. e4 e6 2. d4 d5 3. Be3 Nf6 4. e5 Nfd7 5. f4 c5 6. c3 Qa5 7. Nf3 cxd4 8. Nxd4
Nc6 9. Be2 Nxd4 10. Bxd4 Bc5 11. b4 Bxb4 12. cxb4 Qxb4+ 13. Nc3 a6 14. O-O O-O
15. Rc1 b6 16. Kh1 Bb7 17. Rb1 Qe7 18. Bd3 Nc5 19. f5 Nxd3 20. f6 Qd7 21. Qxd3
gxf6 22. Rxf6 Kh8 23. Rbf1 a5 24. R1f4 Ba6 25. Qh3 Qe7 26. Rh4 Bd3 27. Qxd3 1-0

[Event "18.int.Seniorenturnier Bad Woerishofen"]
[Site "Veranstalter: chessorg"]
[Date "2002.03.13"]
[Round "7"]
[White "Kaiser, Hans_35BGladb"]
[Black "Wendel, Walter"]
[Result "1-0"]
[WhiteElo "1619"]
[BlackElo "1413"]
[PlyCount "73"]
[EventDate "2002.03.??"]

1. e4 c5 2. Nf3 d6 3. d4 cxd4 4. Nxd4 Nf6 5. Nc3 a6 6. Be2 Nc6 7. Nxc6 bxc6 8.
O-O Bb7 9. Be3 e6 10. f4 Be7 11. Bf3 Qc7 12. Qe2 O-O 13. Qf2 Rad8 14. Bb6 Qd7
15. Bxd8 Qxd8 16. Rad1 Qc7 17. Rfe1 Rd8 18. e5 Nd7 19. exd6 Bxd6 20. Ne4 Bxf4
21. g3 Be5 22. c3 Rf8 23. Nc5 Nxc5 24. Qxc5 Bf6 25. Rd3 Be7 26. Qe3 Qa5 27. b4
Qc7 28. Red1 Rd8 29. Rxd8+ Bxd8 30. Kg2 Bf6 31. Qc5 Be7 32. Qd4 c5 33. Qd7
Bxf3+ 34. Kxf3 Qxd7 35. Rxd7 Kf8 36. Ra7 cxb4 37. Ra8+ 1-0

[Event "18.int.Seniorenturnier Bad Woerishofen"]
[Site "Veranstalter: chessorg"]
[Date "2002.03.13"]
[Round "7"]
[White "Lamberger, Werner_39Oest"]
[Black "Alefs, Heinz"]
[Result "0-1"]
[WhiteElo "1606"]
[BlackElo "1667"]
[PlyCount "102"]
[EventDate "2002.03.??"]

1. e4 c5 2. Nf3 e6 3. c3 Qc7 4. d4 cxd4 5. cxd4 Nf6 6. Nc3 Bb4 7. Bd2 Bxc3 8.
Bxc3 Nxe4 9. Qd3 Nxc3 10. bxc3 Nc6 11. a3 b6 12. Qc2 f5 13. Bd3 O-O 14. O-O Bb7
15. Rfe1 Rac8 16. Rac1 Qf4 17. Re3 Qg4 18. h3 Qh5 19. Be2 Qh6 20. Rd1 Ne7 21.
Ne5 f4 22. Ng4 Qg5 23. Re5 Nf5 24. f3 h5 25. Nf2 Qg3 26. Rxf5 Rxf5 27. Ne4 Bxe4
28. Qxe4 Rg5 29. Bf1 Re8 30. d5 Qxh3 31. Qxf4 Qf5 32. Qxf5 exf5 33. f4 Rg4 34.
Rd4 Re4 35. Rxe4 fxe4 36. Be2 Rxf4 37. Bxh5 Rf6 38. Bd1 d6 39. Bc2 e3 40. Be4
Rf2 41. Bd3 Kf7 42. a4 a5 43. Bb5 Ke7 44. Bc4 Kf6 45. Bb3 Ke5 46. Bc4 Kf4 47.
Bd3 Kg3 48. Bf1 e2 49. Bxe2 Rxe2 50. Kf1 Re4 51. Kg1 Re1# 0-1

[Event "18.int.Seniorenturnier Bad Woerishofen"]
[Site "Veranstalter: chessorg"]
[Date "2002.03.13"]
[Round "7"]
[White "Malik, Heinz"]
[Black "Alicke, Manfred"]
[Result "1/2-1/2"]
[WhiteElo "1662"]
[BlackElo "1571"]
[PlyCount "51"]
[EventDate "2002.03.??"]

1. d4 e6 2. c4 d5 3. Nf3 c5 4. Nc3 Nf6 5. Bg5 Be7 6. e3 O-O 7. Bd3 dxc4 8. Bxc4
a6 9. a4 h6 10. Bh4 Nfd7 11. Bxe7 Qxe7 12. O-O Nb6 13. Ba2 Rd8 14. Qc2 N8d7 15.
Rac1 Nf6 16. Rfd1 Nbd5 17. Nxd5 exd5 18. dxc5 Bg4 19. Rd4 Bxf3 20. gxf3 Qe5 21.
Kh1 Rac8 22. b4 Qe6 23. e4 Qh3 24. Rg1 Qxf3+ 25. Rg2 Qxe4 26. Qd2 1/2-1/2

[Event "18.int.Seniorenturnier Bad Woerishofen"]
[Site "Veranstalter: chessorg"]
[Date "2002.03.13"]
[Round "7"]
[White "Meyer, Walter_34Henn"]
[Black "Ruth, Walter"]
[Result "1/2-1/2"]
[WhiteElo "1745"]
[BlackElo "1855"]
[PlyCount "29"]
[EventDate "2002.03.??"]

1. c4 Nf6 2. Nc3 d5 3. cxd5 Nxd5 4. g3 c6 5. Bg2 g6 6. Nf3 Bg7 7. d4 O-O 8. O-O
Re8 9. e3 Bg4 10. Qb3 Nxc3 11. bxc3 Qc8 12. Ng5 Rf8 13. Ba3 h6 14. Ne4 Qc7 15.
Rac1 1/2-1/2

[Event "18.int.Seniorenturnier Bad Woerishofen"]
[Site "Veranstalter: chessorg"]
[Date "2002.03.13"]
[Round "7"]
[White "Michalowski, Richard"]
[Black "Schafroth, Georg"]
[Result "0-1"]
[WhiteElo "1521"]
[BlackElo "1422"]
[PlyCount "62"]
[EventDate "2002.03.??"]

1. c4 e6 2. a3 d5 3. d4 b6 4. g3 Bb7 5. Bg2 Nf6 6. Nc3 c6 7. cxd5 cxd5 8. Nf3
Nbd7 9. O-O Be7 10. b4 a6 11. Bb2 O-O 12. Ne5 Nxe5 13. dxe5 Nd7 14. b5 Nxe5 15.
Na4 Bf6 16. bxa6 Rxa6 17. Qb3 Bc6 18. Nc3 Nc4 19. Rfd1 Na5 20. Qc2 Qa8 21. Ra2
Nc4 22. Nxd5 exd5 23. Bxf6 gxf6 24. Qf5 Qd8 25. Qd3 b5 26. e4 Ne5 27. Qc3 Qa8
28. exd5 Rd8 29. f4 Bxd5 30. fxe5 Qa7+ 31. Qd4 Bxa2 0-1

[Event "18.int.Seniorenturnier Bad Woerishofen"]
[Site "Veranstalter: chessorg"]
[Date "2002.03.13"]
[Round "7"]
[White "Narr, Irmgard"]
[Black "Brehme, Helmut"]
[Result "0-1"]
[WhiteElo "1290"]
[BlackElo "1597"]
[PlyCount "86"]
[EventDate "2002.03.??"]

1. e4 e5 2. Nf3 Nc6 3. d4 exd4 4. Nxd4 Bc5 5. Be3 Qf6 6. c3 Nge7 7. Be2 a6 8.
O-O O-O 9. Qd2 h6 10. Qd3 Ne5 11. Qd2 d6 12. h3 Qg6 13. f3 Bxh3 14. Rf2 Be6 15.
Na3 Bxa3 16. bxa3 Nc4 17. Bxc4 Bxc4 18. Rb1 b6 19. Nb3 d5 20. Rb2 Rad8 21. e5
Nf5 22. Bf4 c5 23. Qe1 d4 24. g4 dxc3 25. Qxc3 Bb5 26. Rg2 Ne7 27. Qc1 Rd3 28.
Rg3 Rfd8 29. Kg2 Rd1 30. Qc2 Nd5 31. Qxg6 Nxf4+ 32. Kh2 Nxg6 33. g5 h5 34. Rgg2
Nxe5 35. Rbf2 Bc6 36. Nd2 R1xd2 37. Kg3 Rxf2 38. Rxf2 Rd3 39. Kh4 g6 40. f4
Nf3+ 41. Kg3 Nxg5+ 42. Kh2 Rh3+ 43. Kg1 Rh1# 0-1

[Event "18.int.Seniorenturnier Bad Woerishofen"]
[Site "Veranstalter: chessorg"]
[Date "2002.03.13"]
[Round "7"]
[White "Reinke, Kurt_39Benr"]
[Black "Wolffram, Gert"]
[Result "0-1"]
[WhiteElo "1887"]
[BlackElo "1817"]
[PlyCount "122"]
[EventDate "2002.03.??"]

1. d4 d5 2. Nf3 Nf6 3. c4 e6 4. Nc3 Be7 5. Bg5 Nbd7 6. e3 b6 7. cxd5 exd5 8.
Bd3 h6 9. Bh4 O-O 10. O-O Bb7 11. Rc1 c5 12. Re1 Ne4 13. Bg3 Nxg3 14. hxg3 Nf6
15. Nh4 Ne4 16. Nf5 Nf6 17. Qe2 c4 18. Nxe7+ Qxe7 19. Bb1 Rfe8 20. Qf3 Qd7 21.
Bf5 Qd8 22. b3 Rb8 23. Qd1 g6 24. Bh3 Bc8 25. bxc4 Bxh3 26. gxh3 dxc4 27. Qa4
Qc8 28. Kh2 a6 29. e4 b5 30. Qb4 Nh7 31. h4 g5 32. Nd5 Qd7 33. hxg5 hxg5 34.
Kg2 f5 35. Rh1 Rxe4 36. Qc5 Re6 37. Ne3 Rf6 38. Qe5 Re8 39. Rxh7 Qc6+ 40. d5
Rxe5 41. dxc6 Kxh7 42. c7 Rc5 43. Rh1+ Kg7 44. Nd5 Rfc6 45. Re1 Rxc7 46. Nxc7
Rxc7 47. Kf1 Rc6 48. Rc1 Kf6 49. f3 Ke5 50. Ke2 Rd6 51. a4 Kd5 52. Kd2 Kc5+ 53.
Kc2 Rd3 54. axb5 axb5 55. Rf1 b4 56. g4 f4 57. Rf2 Re3 58. Kb2 Kd4 59. Kc2 b3+
60. Kb2 Kc5 61. Rf1 Kb4 0-1

[Event "18.int.Seniorenturnier Bad Woerishofen"]
[Site "Veranstalter: chessorg"]
[Date "2002.03.13"]
[Round "7"]
[White "Richter, Gerhard_Dr_28Marb"]
[Black "Erler, Klaus_Juergen"]
[Result "1/2-1/2"]
[WhiteElo "1840"]
[BlackElo "1677"]
[PlyCount "65"]
[EventDate "2002.03.??"]

1. e4 e6 2. d3 d5 3. Nd2 Nf6 4. Ngf3 Nbd7 5. g3 Be7 6. Bg2 dxe4 7. dxe4 c6 8.
O-O e5 9. Qe2 O-O 10. Nc4 Qc7 11. Nh4 b5 12. Nf5 Bc5 13. Nce3 Rd8 14. g4 Nf8
15. g5 Ne8 16. Ng4 Ne6 17. Qf3 Nd4 18. Nxd4 Bxd4 19. Ne3 g6 20. h4 Qe7 21. c3
Bb6 22. Ng4 Be6 23. Nf6+ Kg7 24. h5 Bc4 25. Re1 Rd3 26. Be3 Rad8 27. hxg6 fxg6
28. Bf1 R3d6 29. Nxe8+ Rxe8 30. Qh3 Bxf1 31. Qh6+ Kh8 32. Bxb6 axb6 33. Kxf1
1/2-1/2

[Event "18.int.Seniorenturnier Bad Woerishofen"]
[Site "Veranstalter: chessorg"]
[Date "2002.03.13"]
[Round "7"]
[White "Ruppert, Lothar"]
[Black "Liszka, Guenter"]
[Result "1/2-1/2"]
[WhiteElo "1945"]
[BlackElo "1792"]
[PlyCount "37"]
[EventDate "2002.03.??"]

1. d4 d5 2. Nf3 e6 3. Bf4 Nf6 4. e3 Nbd7 5. Bd3 c5 6. c3 Be7 7. h3 O-O 8. Nbd2
c4 9. Bc2 b5 10. O-O Bb7 11. Re1 a6 12. e4 dxe4 13. Nxe4 Nxe4 14. Bxe4 Bxe4 15.
Rxe4 Nf6 16. Re2 Nd5 17. Bg3 Rc8 18. a3 a5 19. Qd2 1/2-1/2

[Event "18.int.Seniorenturnier Bad Woerishofen"]
[Site "Veranstalter: chessorg"]
[Date "2002.03.13"]
[Round "7"]
[White "Schneider, Miloca"]
[Black "Miessner, Rolf"]
[Result "1-0"]
[WhiteElo "1782"]
[BlackElo "1634"]
[PlyCount "85"]
[EventDate "2002.03.??"]

1. e4 d5 2. exd5 Qxd5 3. d4 Nc6 4. Be3 e5 5. c4 Bb4+ 6. Nc3 Qa5 7. d5 Nce7 8.
Bd2 Nf6 9. a3 Bxc3 10. Bxc3 Qb6 11. Bxe5 O-O 12. Be2 Ng6 13. Qd4 Qxd4 14. Bxd4
Re8 15. O-O-O Ne4 16. Bd3 Nf4 17. Bf1 Bf5 18. g3 Ng6 19. Bh3 Bxh3 20. Nxh3 b6
21. f3 Nd6 22. b3 Re7 23. Rhe1 Rae8 24. Rxe7 Rxe7 25. Kd2 a5 26. Nf2 Kf8 27.
Nd3 a4 28. Kc3 axb3 29. Kxb3 Re2 30. Bg1 Ke8 31. a4 Kd7 32. h4 h5 33. Bd4 f6
34. Re1 Rxe1 35. Nxe1 Ne5 36. c5 bxc5 37. Bxc5 Nb7 38. Bb4 c5 39. dxc6+ Kxc6
40. Bf8 g6 41. Be7 f5 42. f4 Nc5+ 43. Bxc5 1-0

[Event "18.int.Seniorenturnier Bad Woerishofen"]
[Site "Veranstalter: chessorg"]
[Date "2002.03.13"]
[Round "7"]
[White "Schratzenstaller, Albert"]
[Black "Rueggeberg, Wilhelm"]
[Result "1-0"]
[WhiteElo "1769"]
[BlackElo "1798"]
[PlyCount "117"]
[EventDate "2002.03.??"]

1. c4 e5 2. Nc3 Nf6 3. g3 d6 4. Bg2 c6 5. d4 exd4 6. Qxd4 Be7 7. Nf3 O-O 8. O-O
Na6 9. b3 Bf5 10. e4 Bg6 11. Ba3 Nc7 12. Rad1 Ne6 13. Qd3 d5 14. Bxe7 Qxe7 15.
cxd5 Rad8 16. d6 Qe8 17. Qe2 Bh5 18. h3 h6 19. g4 Bg6 20. Nh4 Nf4 21. Qf3 Nxg2
22. Nxg6 fxg6 23. Qxg2 Qe5 24. Qg3 Qxg3+ 25. fxg3 Rfe8 26. Rfe1 Re5 27. Kf2 Kf7
28. Kf3 g5 29. b4 Ke6 30. Na4 b6 31. Rd4 Rxd6 32. Rxd6+ Kxd6 33. Rd1+ Ke7 34.
Rd4 a5 35. a3 Nd7 36. Nb2 Rb5 37. Nd3 Ne5+ 38. Ke3 Nxd3 39. Kxd3 axb4 40. axb4
c5 41. bxc5 Rxc5 42. Rb4 b5 43. Kd4 Kd6 44. Rb2 Rc4+ 45. Kd3 Kc5 46. Re2 Rd4+
47. Ke3 b4 48. e5 Rd7 49. Ke4 Re7 50. Rc2+ Kb5 51. Kd5 Rd7+ 52. Ke6 Rd3 53. Ke7
b3 54. Rc8 Re3 55. e6 Kb4 56. Kf7 b2 57. e7 Rxe7+ 58. Kxe7 Ka3 59. Ra8+ 1-0

[Event "18.int.Seniorenturnier Bad Woerishofen"]
[Site "Veranstalter: chessorg"]
[Date "2002.03.13"]
[Round "7"]
[White "Turboust, Roger"]
[Black "Bartlitz, Heinz"]
[Result "1/2-1/2"]
[WhiteElo "1752"]
[BlackElo "1613"]
[PlyCount "58"]
[EventDate "2002.03.??"]

1. e4 d6 2. d4 Nf6 3. Nc3 c6 4. Nf3 Bg4 5. Be2 e6 6. h3 Bh5 7. Be3 Be7 8. Qd2
d5 9. e5 Nfd7 10. O-O O-O 11. Nh2 Bxe2 12. Nxe2 c5 13. c3 Nc6 14. f4 cxd4 15.
cxd4 Rc8 16. Rac1 Qa5 17. Qxa5 Nxa5 18. b3 Ba3 19. Rxc8 Rxc8 20. f5 Rc2 21.
fxe6 fxe6 22. Nf4 Nf8 23. Nf3 h6 24. g4 Nc6 25. Rf2 Rxf2 26. Kxf2 Kf7 27. g5
hxg5 28. Nxg5+ Ke7 29. Nd3 b6 1/2-1/2

[Event "18.int.Seniorenturnier Bad Woerishofen"]
[Site "Veranstalter: chessorg"]
[Date "2002.03.13"]
[Round "7"]
[White "Weber, Siegfried_27Fech"]
[Black "Oser, Thor"]
[Result "0-1"]
[WhiteElo "1571"]
[BlackElo "1703"]
[PlyCount "56"]
[EventDate "2002.03.??"]

1. e4 c5 2. Nf3 Nc6 3. d4 cxd4 4. Nxd4 d6 5. Be3 Nf6 6. f3 g6 7. Qd2 Bg7 8. Bc4
O-O 9. Nc3 Nd7 10. O-O-O a6 11. g4 Na5 12. Bb3 Nxb3+ 13. cxb3 b5 14. Bh6 Ne5
15. Bxg7 Kxg7 16. h4 h6 17. Nd5 Bd7 18. Kb1 e6 19. Ne3 Qb6 20. Qe2 Bc8 21. Ndc2
Bb7 22. f4 Nd7 23. Rhe1 Rac8 24. e5 dxe5 25. fxe5 Rc5 26. Nf5+ exf5 27. Rxd7
Be4 28. gxf5 Bxc2+ 0-1

[Event "18.int.Seniorenturnier Bad Woerishofen"]
[Site "Veranstalter: chessorg"]
[Date "2002.03.13"]
[Round "7"]
[White "Wild, Gerhard"]
[Black "Plasswich, Heribert"]
[Result "1-0"]
[WhiteElo "1984"]
[BlackElo "1798"]
[PlyCount "71"]
[EventDate "2002.03.??"]

1. d4 e6 2. c4 d5 3. Nf3 Nf6 4. Nc3 Be7 5. e3 O-O 6. Bd3 b6 7. O-O Bb7 8. Ne5
dxc4 9. Bxc4 Nbd7 10. Nf3 c5 11. Qe2 Rc8 12. Rd1 Qc7 13. Bb3 c4 14. Nb5 Qb8 15.
Bxc4 Ng4 16. e4 a6 17. Nc3 b5 18. Bd3 b4 19. Nb1 f5 20. Nbd2 Bh4 21. g3 fxe4
22. Bxe4 Bxe4 23. Qxe4 Ndf6 24. Qxe6+ Kh8 25. Nxh4 Rce8 26. Qc6 Nxh2 27. Ndf3
Nxf3+ 28. Nxf3 Ne4 29. Bf4 Qd8 30. Kg2 Rf6 31. Qc7 Qxc7 32. Bxc7 Rf7 33. Rd3 h6
34. Rf1 Kh7 35. Be5 Rf5 36. Re1 1-0

[Event "18.int.Seniorenturnier Bad Woerishofen"]
[Site "Veranstalter: chessorg"]
[Date "2002.03.13"]
[Round "7"]
[White "Winkler, Hans"]
[Black "Duer, Maria"]
[Result "1-0"]
[WhiteElo "1668"]
[BlackElo "1783"]
[PlyCount "93"]
[EventDate "2002.03.??"]

1. c4 c6 2. Nc3 d5 3. cxd5 cxd5 4. d4 Nf6 5. g3 e6 6. Bg2 Bd6 7. Nf3 Nbd7 8.
O-O a6 9. b3 b5 10. Bb2 O-O 11. Rc1 Bb7 12. a3 Qe7 13. b4 Nb6 14. Nd2 Rac8 15.
e3 Rc7 16. Qe2 Rfc8 17. Nb3 Nc4 18. Nc5 Nd7 19. a4 bxa4 20. N3xa4 Bc6 21. Nc3
Ra7 22. Ra1 Bxc5 23. bxc5 Rb8 24. Rfb1 Qd8 25. Qc2 Qc7 26. Bc1 g6 27. Rxb8+
Nxb8 28. Bf1 e5 29. Bxc4 dxc4 30. d5 Bd7 31. e4 f5 32. c6 Bc8 33. Be3 Ra8 34.
f3 Nxc6 35. dxc6 Qxc6 36. Nd5 Kf7 37. Ra5 Be6 38. Rc5 Qe8 39. Nc7 Qd8 40. Nxe6
Kxe6 41. Qxc4+ Kf6 42. Rc6+ Kg7 43. Rc7+ Kh8 44. Qc5 Qd1+ 45. Kg2 Qe2+ 46. Bf2
Re8 47. Qd6 1-0

[Event "18.int.Seniorenturnier Bad Woerishofen"]
[Site "Veranstalter: chessorg"]
[Date "2002.03.13"]
[Round "7"]
[White "Wolf, Margot"]
[Black "Kuhnert, Werner"]
[Result "1/2-1/2"]
[WhiteElo "1221"]
[BlackElo "1200"]
[PlyCount "29"]
[EventDate "2002.03.??"]

1. d4 d5 2. Nf3 Nf6 3. Bf4 e6 4. h3 Bd6 5. Bxd6 Qxd6 6. e3 Nc6 7. c3 O-O 8. Bd3
e5 9. dxe5 Nxe5 10. Nxe5 Qxe5 11. O-O Bf5 12. Qc2 Bxd3 13. Qxd3 Qe4 14. Rd1
Qxd3 15. Rxd3 1/2-1/2

[Event "18.int.Seniorenturnier Bad Woerishofen"]
[Site "Veranstalter: chessorg"]
[Date "2002.03.13"]
[Round "7"]
[White "Zacharias, Helmut"]
[Black "Girod, Gudrun"]
[Result "1/2-1/2"]
[WhiteElo "1435"]
[BlackElo "1387"]
[PlyCount "74"]
[EventDate "2002.03.??"]

1. d4 d5 2. g3 e6 3. Bg2 Nf6 4. Nd2 Be7 5. e4 dxe4 6. Nxe4 Nxe4 7. Bxe4 O-O 8.
Ne2 Nd7 9. O-O Nf6 10. Bg2 h6 11. c3 Rb8 12. Nf4 c6 13. Re1 Bd7 14. Nd3 Bd6 15.
Ne5 Bxe5 16. Rxe5 b6 17. h4 Nh7 18. Bf4 Rc8 19. Bxh6 f6 20. Bxg7 Kxg7 21. Qg4+
Kh8 22. Rh5 Rg8 23. Qf4 Rg6 24. Be4 f5 25. Qe5+ Qf6 26. Bf3 Qxe5 27. dxe5 Kg7
28. Rd1 Rd8 29. Rd6 Nf8 30. Bxc6 Kf7 31. Rh8 Rg8 32. Rxg8 Kxg8 33. f4 Kf7 34.
b4 Ke7 35. b5 Bc8 36. h5 Rxd6 37. exd6+ Kxd6 1/2-1/2

[Event "18.int.Seniorenturnier Bad Woerishofen"]
[Site "Veranstalter: chessorg"]
[Date "2002.03.13"]
[Round "7"]
[White "Ziltener, Werner"]
[Black "Pukropski, Walter"]
[Result "1-0"]
[WhiteElo "1962"]
[BlackElo "1731"]
[PlyCount "139"]
[EventDate "2002.03.??"]

1. Nf3 Nf6 2. d4 d5 3. c4 e6 4. Nc3 c6 5. Bg5 Be7 6. e3 Nbd7 7. Qc2 dxc4 8.
Bxc4 Nd5 9. Bxe7 Qxe7 10. Nxd5 exd5 11. Bd3 Qb4+ 12. Nd2 Nf6 13. a3 Qd6 14. h3
Bd7 15. O-O h6 16. b4 O-O 17. Nf3 Rfc8 18. Ne5 Be8 19. Rac1 Nd7 20. f4 Nf8 21.
Qf2 f6 22. Nf3 Bg6 23. f5 Be8 24. Rc3 Rc7 25. Rfc1 Re7 26. Nd2 Bd7 27. Be2 a5
28. bxa5 Rxa5 29. Nb1 Re8 30. Bd1 Re7 31. g4 Be8 32. Qh2 Qxh2+ 33. Kxh2 Nd7 34.
Rb3 Nf8 35. Kg2 g6 36. Bc2 gxf5 37. Bxf5 Bg6 38. Kf2 Bxf5 39. gxf5 Kh7 40. Rg1
Ra7 41. Nc3 Rg7 42. Rxg7+ Kxg7 43. e4 dxe4 44. Nxe4 Nd7 45. Ke3 b6 46. Nd6 Ra4
47. Nb7 Kf7 48. Nd8+ Ke7 49. Nxc6+ Kd6 50. Nb4 Ra5 51. Kf4 Ra4 52. Re3 Kc7 53.
h4 h5 54. Ke4 Kd6 55. Rc3 Nc5+ 56. Ke3 Nd7 57. Rc6+ Ke7 58. Nd5+ Kd8 59. Rc3
Ra5 60. Ke4 Ra4 61. Nf4 Ke7 62. Nxh5 Kd6 63. Nf4 b5 64. h5 b4 65. axb4 Rxb4 66.
h6 Rb8 67. Ng6 Rb1 68. h7 Re1+ 69. Re3 Rh1 70. h8=Q 1-0

[Event "18.int.Seniorenturnier Bad Woerishofen"]
[Site "Veranstalter: chessorg"]
[Date "2002.03.13"]
[Round "7"]
[White "Zohr, Adelbert"]
[Black "Hoeppner, Hans_18Nog"]
[Result "1-0"]
[WhiteElo "1762"]
[BlackElo "1599"]
[PlyCount "115"]
[EventDate "2002.03.??"]

1. c4 e6 2. Nc3 Ne7 3. g3 c6 4. e4 a6 5. d4 b5 6. b3 Bb7 7. Bg2 Ng6 8. Nge2 Bb4
9. a3 Bxc3+ 10. Nxc3 d6 11. O-O O-O 12. Be3 Nd7 13. Qe2 Qe7 14. Rac1 Rfe8 15.
f4 Rab8 16. Qc2 Qf8 17. Qf2 Red8 18. d5 cxd5 19. exd5 bxc4 20. bxc4 Nf6 21. Bd4
e5 22. fxe5 Nxe5 23. Bxe5 dxe5 24. Qe2 Qc5+ 25. Kh1 Rdc8 26. Rxf6 gxf6 27. Qg4+
Kh8 28. Qf5 Rg8 29. Qxf6+ Rg7 30. Ne4 Qe3 31. Rf1 Ba8 32. Nd6 Rf8 33. Nf5 Qg5
34. Nxg7 Qxf6 35. Rxf6 Kxg7 36. Rxa6 Rb8 37. Be4 Rc8 38. Bd3 h5 39. Kg2 Bb7 40.
Rb6 Rb8 41. Kf2 Kf8 42. c5 Rc8 43. Rxb7 Rxc5 44. Ke3 Rxd5 45. Bc4 Rc5 46. Kd3
Ra5 47. Rxf7+ Ke8 48. a4 e4+ 49. Kxe4 Rxa4 50. Rc7 h4 51. Kf4 Ra8 52. Kg4 Kd8
53. Rf7 Rc8 54. Rf8+ Kc7 55. Rxc8+ Kxc8 56. Kxh4 Kd8 57. Kg5 Ke7 58. Kg6 1-0

[Event "18.int.Seniorenturnier Bad Woerishofen"]
[Site "Veranstalter: chessorg"]
[Date "2002.03.14"]
[Round "8"]
[White "Auf'm_Wasser, Guenter"]
[Black "Zohr, Adelbert"]
[Result "0-1"]
[WhiteElo "1588"]
[BlackElo "1762"]
[PlyCount "68"]
[EventDate "2002.03.??"]

1. e4 c5 2. b4 cxb4 3. a3 e6 4. axb4 Bxb4 5. c3 Be7 6. f4 d5 7. exd5 Qxd5 8. d4
Bh4+ 9. Kd2 Be7 10. Na3 Bd7 11. Nf3 Nf6 12. Bd3 O-O 13. Qe2 a6 14. Nc4 Qc6 15.
h4 Rc8 16. Nfe5 Qc7 17. Bb2 b5 18. Ne3 Nc6 19. g4 Nxe5 20. fxe5 Nd5 21. Nxd5
exd5 22. Bf5 b4 23. Qd3 g6 24. Bxd7 Qxd7 25. g5 Rc6 26. cxb4 Bxb4+ 27. Ke3 a5
28. Rac1 Rac8 29. Rxc6 Rxc6 30. Kf4 Qc8 31. h5 Rc2 32. hxg6 fxg6 33. Ba3 Rc3
34. Qb5 Qf5# 0-1

[Event "18.int.Seniorenturnier Bad Woerishofen"]
[Site "Veranstalter: chessorg"]
[Date "2002.03.14"]
[Round "8"]
[White "Bartlitz, Heinz"]
[Black "Maertins, Leo"]
[Result "1/2-1/2"]
[WhiteElo "1613"]
[BlackElo "1642"]
[PlyCount "59"]
[EventDate "2002.03.??"]

1. Nf3 Nf6 2. g3 b6 3. Bg2 Bb7 4. d3 e6 5. e4 d6 6. O-O Be7 7. Nc3 O-O 8. h3
Nbd7 9. Nh2 Qc8 10. f4 c5 11. b3 Ne8 12. Bb2 f5 13. Qe2 Bf6 14. Nd1 Bxb2 15.
Nxb2 Nef6 16. Nc4 Ne8 17. a4 Nb8 18. Nf3 fxe4 19. dxe4 d5 20. exd5 exd5 21.
Nfe5 Nd7 22. Nxd7 Qxd7 23. Rae1 Nf6 24. Qe6+ Qxe6 25. Rxe6 Rae8 26. Rxe8 Rxe8
27. Re1 Kf8 28. Rxe8+ Kxe8 29. Ne5 Ne4 30. Bxe4 1/2-1/2

[Event "18.int.Seniorenturnier Bad Woerishofen"]
[Site "Veranstalter: chessorg"]
[Date "2002.03.14"]
[Round "8"]
[White "Block, Herbert"]
[Black "Lamberger, Werner_39Oest"]
[Result "0-1"]
[WhiteElo "1485"]
[BlackElo "1606"]
[PlyCount "80"]
[EventDate "2002.03.??"]

1. c4 f5 2. e3 e6 3. Nf3 Nf6 4. Nc3 b6 5. g3 Bb7 6. Bg2 Nc6 7. O-O Rb8 8. d4
Bb4 9. a3 Bxc3 10. bxc3 Na5 11. Nd2 O-O 12. Bxb7 Rxb7 13. f3 d5 14. Qe2 Ne8 15.
Rb1 Rf6 16. c5 bxc5 17. Rxb7 Nxb7 18. dxc5 Nxc5 19. Qb5 Nd7 20. Bb2 Nd6 21. Qb4
c5 22. Qh4 Nf7 23. Qh3 c4 24. e4 Rh6 25. Qg2 f4 26. g4 Ng5 27. Re1 Qb6+ 28. Kh1
Qxb2 29. Rb1 Qxc3 30. Rb7 Qc1+ 31. Nf1 Ne5 32. exd5 exd5 33. Qg1 Nexf3 34. Rb8+
Kf7 35. Qxa7+ Kf6 36. Rf8+ Ke5 37. Rf5+ Ke4 38. Kg2 Nh4+ 39. Kg1 Ngf3+ 40. Kf2
Qe1# 0-1

[Event "18.int.Seniorenturnier Bad Woerishofen"]
[Site "Veranstalter: chessorg"]
[Date "2002.03.14"]
[Round "8"]
[White "Borger, Martin"]
[Black "Fels, Karl_Heinz"]
[Result "0-1"]
[WhiteElo "1748"]
[BlackElo "1838"]
[PlyCount "108"]
[EventDate "2002.03.??"]

1. e4 e5 2. Nf3 Nc6 3. Nc3 Nf6 4. Bc4 Nxe4 5. Bxf7+ Kxf7 6. Nxe4 d5 7. Neg5+
Kg8 8. d3 h6 9. Nh3 Bg4 10. Nhg1 Bd6 11. h3 Be6 12. Ne2 Kh7 13. O-O Rf8 14. Ng3
Qf6 15. c3 Bxh3 16. Ng5+ hxg5 17. Qh5+ Qh6 18. Qxh3 Qxh3 19. gxh3 Kg6 20. Kg2
Rf7 21. Bd2 Raf8 22. f3 Nd8 23. Rae1 Ne6 24. Ne2 Nf4+ 25. Nxf4+ gxf4 26. Re2
Re7 27. Rfe1 Rfe8 28. a3 c5 29. h4 Kf5 30. Kh3 Rh8 31. Rg1 Rh5 32. Rg4 g5 33.
Rxg5+ Rxg5 34. hxg5 Rh7+ 35. Kg2 Kxg5 36. Be1 Kf5 37. b4 cxb4 38. axb4 b6 39.
Bd2 Re7 40. Kf1 e4 41. dxe4+ dxe4 42. fxe4+ Rxe4 43. Rh2 Re7 44. Rh5+ Kg4 45.
Rd5 Be5 46. c4 Kf3 47. c5 Ke4 48. Rd8 bxc5 49. bxc5 Rc7 50. Bb4 Bd4 51. Ra8 Kf3
52. Rd8 Bxc5 53. Rd3+ Be3 54. Rd1 Rh7 0-1